000 00350 a2200157 4500
001 152655
040 _cEscola São Tomás de Aquino
100 _aPELLEGRINE, Domingos
240 1 0 _aMeninos e meninas
_lpor
245 1 0 _aMeninos e meninas
300 _a104
362 0 _a1998
440 1 _aÁtica
697 _a*LITERATURA JUVENIL
942 _cBK
999 _c152655
_d152655